Kỹ nghệ du lịch: Hướng dẫn giáo khoa và bài tập kinh doanh du lịch Travel industry
Đã lưu trong:
| Príomhúdar: | |
|---|---|
| Formáid: | Leabhar |
| Teanga: | Undetermined |
| Foilsithe: |
Tp. HCM
Thanh Niên
2000
|
| Ábhair: | |
| Clibeanna: |
Cuir Clib Leis
Gan Chlibeanna, Bí ar an gcéad duine leis an taifead seo a chlibeáil!
|
| Thư viện lưu trữ: | Trung tâm Học liệu Trường Đại học Cần Thơ |
|---|
| LEADER | 00662nam a2200181Ia 4500 | ||
|---|---|---|---|
| 001 | CTU_36839 | ||
| 008 | 210402s9999 xx 000 0 und d | ||
| 082 | |a 428.24 | ||
| 082 | |b K94 | ||
| 100 | |a Benedict Kruse | ||
| 245 | 0 | |a Kỹ nghệ du lịch: Hướng dẫn giáo khoa và bài tập kinh doanh du lịch | |
| 245 | 0 | |b Travel industry | |
| 245 | 0 | |c Benedict Kruse, Đặng Văn Hóa | |
| 260 | |a Tp. HCM | ||
| 260 | |b Thanh Niên | ||
| 260 | |c 2000 | ||
| 650 | |a english language - grammar,english language - study and teaching,english language - textbooks for foreign speakers | ||
| 980 | |a Trung tâm Học liệu Trường Đại học Cần Thơ | ||